00876nam a22002057a 4500999001700000003000900017008004100026040007100067082002000138100002500158245005200183260006400235300002800299505015600327650002700483650002400510942001600534945002000550952010000570 c17752d17752AR-CdUCM190509b ||||| |||| 00| 0 spa d aMUNICIPALIDAD PROVINCIAL DEL CUSCOcBIBLIOTECA MUNICIPAL DEL CUSCO a333.0985 /bV18 aValderrama, Mariano. a7 años de reforma agraria peruana 1969-1976 / aPeru :bPontifica universidad católica del Perú,c1976. a632 páginas ;c21 cm. aContenido :Antecedentes de la reforma agraria peruana .. Primera etapa de la reforma agraria peruana -- Segunda etapa de la reforma agraria peruana ... aReforma agraria.91861 aBurguesía.912355 2ddccLIBROS arumd2019-05-09 002ddc4070aSHbSHcCARTd2019-05-09g40.00o333.0985 / V18pSH0000012690r2019-05-09yLIBROS